| 000 | 00773nam a22002297a 4500 | ||
|---|---|---|---|
| 999 |
_c14594 _d14594 |
||
| 003 | MIRAKIL | ||
| 005 | 20211214000620.0 | ||
| 008 | 211104b tu ||||| |||| 00| 0 tur d | ||
| 020 | _a9789759086091 | ||
| 040 |
_aTR-AnCHP _btur _cTR-AnCHP |
||
| 041 | _atur | ||
| 082 |
_a320.9561 _bU18t 2005 |
||
| 100 | _aUcuzsatar, Necati Ulunay | ||
| 245 |
_aTürkiye Cumhuriyeti Devletine tehdit: _b21. Yüzyıl gözlemiyle/ _cNecati Ulunay Ucuzsatar. |
||
| 260 |
_aİstanbul : _bToplumsal Dönüşüm Yayınları, _c2005. |
||
| 300 |
_a384 s.: _c21 sm. |
||
| 490 | 0 |
_aToplumsal Dönüşüm Yayınları ; _aAraştırma ve inceleme ; _v311. _v118. |
|
| 504 | _aKaynakça vardır. | ||
| 650 | 0 |
_aSiyaset ve yönetim _xTürkiye _99 |
|
| 651 | 0 |
_95416 _aTürkiye _xTarih |
|
| 942 |
_2ddc _cBKS |
||